| 000 | 01713nam a22002777a 4500 | ||
|---|---|---|---|
| 005 | 20250213122854.0 | ||
| 008 | 250211s1926 fr |||fr|||| 000 f fre d | ||
| 040 |
_aCO-BoUCM _bspa _cSandra Yazo _dSandra Yazo |
||
| 041 | 1 | _afre | |
| 082 | 0 | 4 |
_220 _a891.73 |
| 092 | _aE54N032 | ||
| 100 | 1 |
_9103347 _aMerezhkovsky, Dmitry Sergeyevich _d1865-1941 |
|
| 242 | 0 | 3 |
_aEl fin de Alejandro I. _bNovela Histórica. _cDmitri Merejkovsky ; Traduction, Préface et Épilogue de E. Halpérine-Kaminsky. _yspa |
| 245 | 1 | 3 |
_aLa fin d’ Alexandre I er. _bRoman Historique. _cDmitry Mérejkowsy ; Traduction, Préface et Épilogue de E. Halpérine-Kaminsky |
| 260 |
_bCalmann – Lévy ; Imprimerie Chaix [Calmann – Lévy ; Imprenta de Chaix] _aParís (Francia) _c1926 |
||
| 300 |
_aviii, 35, [1] páginas _c18 x 12 cm. |
||
| 500 | _aDetalles físicos: Sin encuadernación original, actualmente encuadernación rígida (holandesa) cartón forrado en papel texturizado (negro). Lomo en tela, con letras y líneas decorativas en dorado. Guardas. Hoja de cortesía. Anteportada. Portada impresa en una sola tinta. Texto impreso en una columna, con diferentes tipos y tamaños de letra. Cortes decorados con jaspeados de color rojo. Papel con oxidación de tintas en bordes. | ||
| 505 | 0 | _aPrefacio del traductor ; El fin de Alejandro I ; Epílogo ; El 14 de diciembre de 1825 ; El enigmático Féodor Kozmitch | |
| 506 | _aConsulta en sala | ||
| 546 | _aTexto en francés | ||
| 650 | 7 |
_920526 _aNovela histórica rusa |
|
| 650 | 7 |
_918740 _aLiteratura rusa |
|
| 690 |
_aLiteratura europea _926524 |
||
| 700 | 1 |
_aHalpérine-Kaminsky, E. (Ely) _c1858-1936 _etraductor _9184194 |
|
| 942 |
_2LOCAL _cLIBRO _e1 _hE54N032 |
||
| 999 |
_c325154 _d325154 |
||